Statistics for Countries Closest to Cuba - 15 Second Sprint

Click here to take the quiz!

General Stats

  • This quiz has been taken 18 times
  • The average score is 6 of 20

Answer Stats

kmcountrymiles% Correct
85Haiti53
94%
149United States93
88%
197Mexico123
82%
255Dominican
Republic
158
65%
146Jamaica91
65%
89Bahamas55
41%
630Guatemala391
24%
642Honduras399
24%
509Belize316
18%
891Colombia554
12%
1168Costa Rica726
12%
940El Salvador584
12%
1179France
at Saint Martin
733
12%
1151Panama715
12%
1181Sint Maarten734
12%
943Aruba586
6%
1014Curaçao630
6%
1181Netherlands
at Saba
734
6%
716Nicaragua445
6%
968Venezuela601
6%

Score Distribution

Percentile by Number Answered

Percent of People with Each Score

Your Score History

You have not taken this quiz